Taylor Swift - Chansons par acronymes 2 - Statistiques

Statistiques générales
  • Ce quiz a été pris 742 fois
    157 depuis la dernière actualisation
  • Le résultat moyen est 10 sur 18
Statistiques - réponses
Hint Réponse % Correct
ICDIWABH I Can Do It With a Broken Heart
94%
ITHK I Think He Knows
83%
TLOAS The Life of a Showgirl
82%
AYHTDWS All You Had To Do Was Stay
75%
TGW The Great War
74%
TWILY The Way I Loved You
73%
WCS Would've Could've Should've
65%
BTR Better Than Revenge
64%
NTWDT Now That We Don't Talk
52%
CAY Cold As You
50%
GAS Guilty as Sin
50%
INTHAF It's Nice To Have A Friend
40%
RFI ...Ready For It ?
38%
ILIPW I Look in People's Windows
37%
IAD I Almost Do
27%
MIAB Message In A Bottle
21%
TMW Tell Me Why
18%
TLO The Lucky One
17%
Aucun quiz correspondant
Distribution des résultats
% des personnes avec chaque résultat
Percentile par nombre de réponses
Votre historique - résultats
Vous n’avez pas pris ce quiz depuis la dernière actualisation